Państwa Afryki nie zakończone na -a. - Statystyki

Ogólne statystyki
  • Ten quiz został rozwiązany 103 razy
    85 od ostatniego zresetowania
  • Średni wynik to 23 z 29
Statystyki odpowiedzi
Pierwsza litera Państwo % Poprawnych
E Egipt
93%
Z Zimbabwe
93%
N Niger
90%
M Mozambik
88%
L Lesotho
86%
B Benin
84%
K Kongo
84%
E Eswatini
83%
M Maroko
83%
C Czad
81%
G Gabon
81%
T Togo
81%
B Burundi
80%
D Dżibuti
80%
M Madagaskar
80%
M Mali
80%
S Senegal
80%
M Mauritius
78%
S Sudan
78%
G Gwinea Bissau
77%
W Wybrzeże Kości Słoniowej
77%
K Kamerun
75%
S Seszele
75%
S Sudan Południowy
75%
M Malawi
74%
B Burkina Faso
70%
K Komory
68%
R Republika Południowej Afryki
68%
S Sierra Leone
67%
Nie znaleziono quizów pasujących do podanych kryteriów
Rozkład punktacji
Procent ludzi z każdym wynikiem
Percentyl według liczby udzielonych odpowiedzi
Twoja historia wyników
Nie rozwiązałeś tego quizu od ostatniego zresetowania